New Zealand All Blacks Rugby - Failed to score a try in a loss - Statistics

General Stats
  • This quiz has been taken 55 times
    22 since last reset
  • The average score is 6 of 10
Answer Stats
Year Score Opponent % Correct
1995 12-15 South Africa
88%
1990 9-21 Australia
76%
1998 3-13 South Africa
76%
1991 6-16 Australia
71%
1993 9-15 England
71%
1995 15-22 France
71%
1999 18-22 South Africa
71%
2004 18-23 Australia
47%
2018 9-16 Ireland
41%
2017 21-24 British and Irish Lions
18%
No matching quizzes found
Score Distribution
Percent of People with Each Score
Percentile by Number Answered
Your Score History
You have not taken this quiz since the last reset